[Event "Floripa Chess Open 2024"]
[Site "Florianopolis"]
[Date "2024.01.24"]
[Round "6.57"]
[White "Rodriguez Farias, Eduardo"]
[Black "Carvalho, Guillermo"]
[Result "1/2-1/2"]
[WhiteElo "1829"]
[BlackElo "2149"]
[PlyCount "20"]
[EventDate "2024.01.20"]
[EventRounds "10"]
[EventCountry "BRA"]

1. e4 Nf6 2. e5 Nd5 3. d4 d6 4. c4 Nb6 5. exd6 exd6 6. h3 Bf5 7. Nf3 Be7 8. Be2
({RR} 8. Bd3 Bxd3 9. Qxd3 O-O 10. O-O Nc6 11. Nc3 Re8 12. b3 Bf6 13. Bf4 a5 14.
Ne4 Nb4 15. Qb1 d5 16. Nxf6+ Qxf6 17. Bxc7 dxc4 18. Bxb6 Qxb6 19. bxc4 Qa6 20.
a3 Nc6 21. Qd3 Rac8 22. Rfe1 Ne7 {Firouzja,A (2777)-Bortnyk,O (2608) chess.com
INT 2023 1-0 (37)}) 8... O-O 9. O-O Nc6 10. Nc3 h6 $146 ({RR} 10... Bf6 11. Bf4
Re8 12. Qd2 h6 13. Rfd1 Qd7 14. Rac1 Rad8 15. Bf1 Bg6 16. b3 Bh5 17. g4 Bg6 18.
Bg3 Bh7 19. Qf4 Ne7 20. Ne4 Bxe4 21. Qxe4 Qc6 22. Qd3 Qd7 23. Qd2 Qc8 24. Re1
Ng6 25. Bd3 {Urazayev,A (2446)-Moisseyenko,I (2329) Almaty KAZ 2019 1/2-1/2  
(72)}) ({RR} 10... Bf6 11. b3 h6 12. Bf4 Re8 13. Rc1 a6 14. a3 Be4 15. Nxe4
Rxe4 16. Be3 Qe8 17. Bd3 Rxe3 18. fxe3 Qxe3+ 19. Kh1 Nxd4 20. Re1 Qf2 21. Nxd4
Qxd4 22. Be4 c6 23. Qxd4 Bxd4 24. Rcd1 Bf2 25. Re2 {Arzur,M (1997)
-Kazhiakhmetova,Y (1218) Montesilvano ITA 2023 1/2-1/2 (53)}) 1/2-1/2

[Event "Floripa Chess Open 2024"]
[Site "Florianopolis"]
[Date "2024.01.24"]
[Round "6.58"]
[White "Marques Junior, Marcos Antonio"]
[Black "Casalaspro, Mathias Andre"]
[Result "0-1"]
[WhiteElo "1818"]
[BlackElo "2121"]
[PlyCount "52"]
[EventDate "2024.01.20"]
[EventRounds "10"]
[EventCountry "BRA"]

1. d4 {Javakhadze,Z/Alejandro Ramirez} Nf6 2. c4 g6 3. Nc3 Bg7 4. e4 d6 5. f3
O-O 6. Be3 c5 7. Nge2 Nc6 8. Qd2 ({RR} 8. d5 Na5 ({RR} 8... Ne5) 9. Ng3 a6 10.
Be2 Nd7 11. Rc1 b5 12. cxb5 axb5 13. Bxb5 Ne5 14. O-O Nac4 15. Bg5 Bd7 16. Bxd7
Qxd7 17. Qe2 Nxb2 ({RR} 17... h6 18. Bf4 Rfb8 19. b3 Na3) 18. Qxb2 Nd3 19. Qd2
Nxc1 20. Rxc1 Bxc3 21. Rxc3 Rfb8 22. Qc2 f6 {Svidler,P (2747)-Radjabov,T (2793)
London 2013 CBM 154 [Javakhadze,Z/Alejandro Ramirez] 1-0 (55)}) 8... Na5 ({RR} 
8... h5 9. h3 Qa5 10. d5 Ne5 11. Nc1 a6 12. f4 Nxc4 13. Bxc4 b5 14. e5 dxe5 15.
fxe5 Nd7 16. Nb3 Qd8 17. e6 Ne5 18. Be2 b4 19. Ne4 c4 20. Nbc5 f5 21. O-O fxe4
22. Rxf8+ Qxf8 23. d6 {Ljubarov,M (2305)-Levi,N (2148) Acre ISR 2024 1-0 (36)})
9. Ng3 $146 ({RR} 9. b3 cxd4 10. Nxd4 Nc6 11. Be2 Qa5 12. O-O Qh5 13. Nd5 Nxd5
14. cxd5 Nxd4 15. Bxd4 Be5 16. Bxe5 Qxe5 17. Rac1 f5 18. Rc4 f4 19. Rfc1 Qg5
20. Kh1 h5 21. Bf1 h4 22. Rc7 Kf7 23. Qb2 Qh5 {Morton,A (1849)-Anderson,M  
(1908) San Francisco 2012 1-0}) ({RR} 9. b3 Qb6 10. Rd1 Qb4 11. dxc5 dxc5 12.
Nf4 e6 13. Nd3 Rd8 14. Nxb4 Rxd2 15. Rxd2 cxb4 16. Nd1 Nc6 17. g4 a5 18. c5 h5
19. h3 hxg4 20. hxg4 Nd7 21. Bb5 Nde5 22. Ke2 Bf8 23. Nf2 Nd7 {Voigt,U (2275)
-Teuber,A Leipzig 1998 1-0}) 9... h5 10. Be2 h4 11. Nf1 Nd7 12. d5 Ne5 13. Bg5
Naxc4 14. Bxc4 Nxc4 15. Qe2 b5 16. Bxh4 Nxb2 17. Qxb2 b4 18. Rc1 bxc3 19. Qa3
Bd4 20. Ng3 Rb8 21. Ne2 Rb2 22. Nxd4 cxd4 23. O-O Qb6 24. Rf2 Rb1 25. Bxe7 Qc5
26. Rxb1 Qxa3 0-1

[Event "Floripa Chess Open 2024"]
[Site "Florianopolis"]
[Date "2024.01.24"]
[Round "6.59"]
[White "Lima, Kleyton Alcantara"]
[Black "De Oliveira, Jairo Quintiliano"]
[Result "1-0"]
[WhiteElo "2119"]
[BlackElo "1840"]
[PlyCount "113"]
[EventDate "2024.01.20"]
[EventRounds "10"]
[EventCountry "BRA"]

1. e4 e5 2. Nf3 Nc6 3. Bb5 a6 4. Ba4 Nf6 5. O-O Be7 6. Re1 b5 7. Bb3 d6 8. c3
O-O 9. h3 Na5 10. Bc2 c5 11. d4 Qc7 12. d5 Nc4 13. b3 Nb6 14. a4 bxa4 15. bxa4
Nc4 16. Qe2 ({RR} 16. Qd3 Na5 17. c4 Rb8 18. Bd2 Bd7 19. Ra3 Rb7 20. Bc3 Rfb8
21. Nbd2 Nh5 22. Qe3 Nf4 23. h4 Bd8 24. g3 Nh5 25. Nh2 Qc8 26. Bd1 Nf6 27. f4
exf4 28. gxf4 Rb4 29. e5 Nxc4 30. Nxc4 Nxd5 {Sipila,V (2435)-Norri,J (2247)
Helsinki FIN 2023 0-1 (57)}) 16... Na5 17. Nbd2 c4 $146 ({RR} 17... Nd7 18. c4
Rb8 19. Nf1 Nb3 20. Bxb3 Rxb3 21. Qc2 Qb8 22. Bd2 Rb2 23. Qd3 g6 24. Bh6 Re8
25. Rab1 Bd8 26. Ng5 Nf8 27. Rxb2 Qxb2 28. Rb1 Qa2 29. Rb8 Be7 30. Ra8 Qb2 31.
Ra7 Qb6 32. Qf3 {Umudova,N (2224)-Obukhov,A (2409) Alushta 2009 1-0 (47)}) 18.
Ba3 Bb7 19. Rab1 Rab8 20. Bb4 Rfc8 21. Bxa5 Qxa5 22. Rb4 Nd7 23. Reb1 Ba8 24.
Nxc4 Qc5 25. Bd3 Qc7 26. a5 Rxb4 27. cxb4 Qa7 28. Ne3 Bb7 29. Qe1 g6 30. Bc2
Qb8 31. Qe2 Qc7 32. Bd3 Ra8 33. Nc4 Rc8 34. Nfd2 Bg5 35. Nb3 Bh6 36. Rb2 Bf8
37. Rc2 Qb8 38. Ne3 Rxc2 39. Nxc2 Qc8 40. b5 axb5 41. Bxb5 Nb8 42. Qc4 Qxc4 43.
Bxc4 Ba6 44. Bxa6 Nxa6 45. Kf1 Be7 46. Ke2 Kf8 47. Kd3 Ke8 48. Kc4 Nc7 49. Nb4
Kd7 50. a6 f5 51. exf5 gxf5 52. f4 exf4 53. Nd4 Bh4 54. a7 Bf2 55. Nbc6 Bxd4
56. Nxd4 Kc8 57. Nb5 1-0

[Event "Floripa Chess Open 2024"]
[Site "Florianopolis"]
[Date "2024.01.24"]
[Round "6.60"]
[White "Fernandez, Maria Florencia"]
[Black "Nunes, Agatha Hurba"]
[Result "1-0"]
[WhiteElo "2074"]
[BlackElo "1840"]
[PlyCount "76"]
[EventDate "2024.01.20"]
[EventRounds "10"]
[EventCountry "BRA"]

1. d4 Nf6 2. c4 e6 3. Nc3 Bb4 4. Qc2 O-O 5. a3 Bxc3+ 6. Qxc3 d6 7. Nf3 Nbd7 8.
Bg5 Qe8 ({RR} 8... b6 9. Nd2 c5 10. dxc5 dxc5 11. e3 Bb7 12. f3 Qc7 13. Be2 e5
14. O-O Rfe8 15. Rad1 h6 16. Bh4 Qc6 17. Qc2 Nf8 18. Bd3 N6d7 19. Be4 Qc7 20.
Bxb7 Qxb7 21. Ne4 Re6 22. Rd2 Ng6 23. Bg3 {Dreev,A (2654)-Socko,B (2631)
Warsaw 2012 1-0 (68)}) ({RR} 8... b6 9. Nd2 h6 10. Bh4 c5 11. e4 Bb7 12. dxc5
bxc5 13. Bd3 Ne5 14. f4 Ng6 15. Bxf6 Qxf6 16. Qxf6 gxf6 17. O-O a5 18. b3 Rab8
19. Bc2 Kh8 20. Rae1 Ne7 21. Re3 {1/2-1/2 (21) Vakulenko,O (2196)-Andreev,E  
(2415) Kyiv UKR 2021}) 9. Qc2 h6 $146 ({RR} 9... e5 10. e3 a6 11. Be2 h6 12.
Bh4 exd4 13. exd4 Qe4 14. Qxe4 Nxe4 15. Nd2 Re8 16. f3 Nxd2 17. Kxd2 Nf8 18.
Bd3 Ne6 19. Rhe1 Bd7 20. Kc3 Nf4 {1-0 (20) Szymczak,Z (2295)-Nowak,R Polanica
Zdroj 1999}) ({RR} 9... b6 10. e4 e5 11. d5 a5 12. b3 h6 13. Bh4 Nh5 14. Nd2
Nc5 15. f3 f5 16. Bf2 fxe4 17. fxe4 Qg6 18. Be3 Nf6 19. Bd3 Qxg2 20. O-O-O
Nxd3+ 21. Qxd3 Qh3 22. Rdg1 Rf7 23. Rg3 Qh5 24. h3 {Rhine,F-Balandin,A (2370)
Chicago 1997 0-1 (33)}) 10. Bh4 b6 11. e3 Bb7 12. Be2 Be4 13. Qa4 a5 14. O-O g5
15. Bg3 Nh5 16. Nd2 Nxg3 17. hxg3 Nf6 18. Qd1 Rd8 19. f4 g4 20. Bxg4 Qc6 21.
Bf3 Kh7 22. g4 Bxf3 23. Qxf3 Qxf3 24. gxf3 Rg8 25. Kf2 e5 26. Rh1 Rg6 27. g5
Nd7 28. Rh5 exf4 29. exf4 Kg7 30. Rah1 hxg5 31. fxg5 Rg8 32. f4 Kf8 33. Ne4 f6
34. Rh7 R8g7 35. Rh8+ Rg8 36. f5 R6g7 37. gxf6 Rg2+ 38. Kf3 Rxb2 1-0

[Event "Floripa Chess Open 2024"]
[Site "Florianopolis"]
[Date "2024.01.24"]
[Round "6.61"]
[White "Cezar, Ricardo De Almeida"]
[Black "Martins, Anderson Donay"]
[Result "0-1"]
[WhiteElo "1809"]
[BlackElo "2058"]
[PlyCount "44"]
[EventDate "2024.01.20"]
[EventRounds "10"]
[EventCountry "BRA"]

1. d4 Nf6 2. c4 e6 3. Nc3 Bb4 4. Qc2 c5 5. dxc5 Nc6 6. Nf3 Qa5 7. Bd2 Qxc5 8.
e3 d5 9. a3 Bxc3 10. Bxc3 dxc4 11. Bxf6 gxf6 12. Qxc4 Qxc4 13. Bxc4 Ke7 14. Ke2
Rg8 $146 ({RR} 14... Bd7 15. Bd3 e5 16. Rac1 Rag8 17. Rhg1 Bg4 18. h3 Bh5 19.
Be4 Nd8 20. g4 Bg6 21. Bxb7 Nxb7 22. Rc7+ Ke6 23. Rxb7 Rb8 24. Rxb8 Rxb8 25. b4
Rc8 26. Ra1 Rc2+ 27. Nd2 f5 28. Kd3 Rc8 29. g5 {Rykov,I (1759)-Ljubarov,M  
(2115) St Petersburg 2011 0-1 (41)}) 15. g3 Bd7 16. Rac1 $11 Rac8 17. Rhd1 Na5
18. Bd3 Ba4 19. Re1 Nb3 20. Rc4 Rxc4 21. Bxc4 Rd8 22. Bxb3 Bb5+ 0-1

[Event "Floripa Chess Open 2024"]
[Site "Florianopolis"]
[Date "2024.01.24"]
[Round "6.63"]
[White "Urquiza, Marcello De Albuque"]
[Black "Moritz, Diego Homrich"]
[Result "1-0"]
[WhiteElo "2050"]
[BlackElo "1832"]
[PlyCount "49"]
[EventDate "2024.01.20"]
[EventRounds "10"]
[EventCountry "BRA"]

1. e4 d6 2. d4 Nf6 3. Nc3 Nbd7 4. Nf3 e5 5. Bc4 Be7 6. O-O c6 7. Re1 Qc7 8. a4
h6 9. Nh4 ({RR} 9. a5 Nf8 10. Nh4 exd4 11. Qxd4 Ne6 12. Qd1 Ng5 13. f4 Ngh7 14.
Nf3 O-O 15. Kh1 Ng4 16. Rf1 Rd8 17. Bb3 d5 18. exd5 Bc5 19. Ne4 cxd5 20. Nxc5
Qxc5 21. Qd4 Qc7 22. Bd2 Nf8 23. Bc3 Ne6 {Matlakov,M (2674)-Firouzja,A (2777)
chess.com INT 2023 1/2-1/2 (128)}) ({RR} 9. a5 Nf8 10. d5 c5 11. a6 b6 12. Bb5+
Bd7 13. Nd2 g5 14. Nc4 Ng6 15. Be3 Bxb5 16. Nxb5 Qd7 17. Qd3 Nf4 18. Qf1 Kf8
19. Nd2 Ng4 20. c3 Rg8 21. b4 Rb8 22. Reb1 Rc8 23. bxc5 dxc5 {Kozin,Y (2251)
-Harriott,T (1802) chess.com INT 2024 1-0 (47)}) 9... exd4 10. Qxd4 Ne5 11. Be2
$146 ({RR} 11. Ba2 Nfg4 12. Nf5 Bxf5 13. exf5 c5 14. Nd5 Qd7 15. Qe4 Kf8 16. f4
Nc6 17. Qc4 Bh4 18. g3 Nd4 19. Qd3 Bd8 20. h3 Nf6 21. g4 Nxd5 22. Bxd5 Bh4 23.
Re4 h5 24. c3 Nc6 25. g5 Ne7 {Vilimek,V (1761)-Arndt,S (2168) Plzen CZE 2020
1-0 (47)}) ({RR} 11. Bf1 g5 12. Nf5 Bxf5 13. exf5 Qb6 14. Qd1 Nfg4 15. Qe2 d5
16. h3 Nxf2 17. Qxf2 Qc7 18. f6 Bd6 19. Qf5 Kf8 20. Be3 {1-0 (20) Neelotpal,D 
(2490)-Lopez Baena,D (2093) Sitges 2006}) 11... g6 12. f4 c5 13. Qd1 Nc6 14.
Nf3 a6 15. e5 dxe5 16. fxe5 Nxe5 17. Nxe5 Be6 18. Bf3 Rd8 19. Qe2 g5 20. Ng6
Rg8 21. Nxe7 Kxe7 22. g3 h5 23. Bxh5 g4 24. Bxf7 Kxf7 25. Qxe6+ 1-0

[Event "Floripa Chess Open 2024"]
[Site "Florianopolis"]
[Date "2024.01.24"]
[Round "6.64"]
[White "Zabala, Antonio Murara"]
[Black "Lima, Vinicius Taishun"]
[Result "1/2-1/2"]
[WhiteElo "1797"]
[BlackElo "2047"]
[PlyCount "55"]
[EventDate "2024.01.20"]
[EventRounds "10"]
[EventCountry "BRA"]

1. e4 c5 2. Nf3 d6 3. d4 cxd4 4. Nxd4 Nf6 5. Nc3 Nc6 6. Bg5 e6 7. Qd2 a6 8.
O-O-O Bd7 9. Nb3 Be7 10. Kb1 ({RR} 10. Bxf6 gxf6 11. f4 b5 12. g3 Qb6 13. Kb1
h5 14. Ne2 a5 15. Nbd4 b4 16. Bg2 a4 17. Nxc6 Bxc6 18. Nd4 Bb7 19. Rhe1 a3 20.
b3 Qc5 21. Re3 Rc8 22. Rc1 f5 23. c3 fxe4 24. Bxe4 Bxe4+ {Grigoriants,S (2546)
-Dreev,A (2623) chess.com INT 2022 0-1 (41)}) 10... b5 $146 ({RR} 10... Qc7 11.
f3 b5 12. h4 b4 13. Ne2 a5 14. Nbd4 Ne5 15. Nc1 h6 16. Nb5 Bxb5 17. Bxb5+ Kf8
18. Bxf6 gxf6 19. f4 Ng4 20. Qe2 h5 21. f5 Kg8 22. fxe6 fxe6 23. Nd3 Kf7 24.
Nf4 Rac8 25. b3 {Guerra Mendez,J (2500)-Bournel,A (2334) chess.com INT 2023
1-0 (39)}) 11. f4 b4 12. Bxf6 gxf6 13. Ne2 Qb6 14. Ned4 O-O-O 15. g3 e5 16.
Nxc6 Bxc6 17. Bh3+ Kb8 18. Qe2 a5 19. Rhe1 h5 20. Bg2 a4 21. Nd2 Bb5 22. Qf3
Qc5 23. Nf1 Rc8 24. Ne3 a3 25. Rd5 Qc6 26. Bf1 Ba4 27. Bd3 axb2 28. Qe2 $11
1/2-1/2

[Event "Floripa Chess Open 2024"]
[Site "Florianopolis"]
[Date "2024.01.24"]
[Round "6.65"]
[White "Mariot Vaz, Joao Antonio Bertol"]
[Black "Bortoloso, Moacir Canella"]
[Result "1-0"]
[WhiteElo "1772"]
[BlackElo "2033"]
[PlyCount "99"]
[EventDate "2024.01.20"]
[EventRounds "10"]
[EventCountry "BRA"]

1. e4 c5 2. Nf3 d6 3. d4 cxd4 4. Nxd4 Nf6 5. Nc3 a6 6. Bc4 e6 7. Bb3 b5 8. O-O
Be7 9. Qf3 Qc7 10. Qg3 O-O 11. Bh6 Ne8 12. Rad1 Nc6 13. Nxc6 Qxc6 14. f4 Kh8
15. Bg5 Bxg5 $146 ({RR} 15... Qc7 16. Bxe7 Qxe7 17. f5 Bb7 18. e5 dxe5 19. Qxe5
Qg5 20. Ne4 Qg4 21. Rde1 Nf6 22. Rf4 Nd7 23. Qc7 Rac8 24. Qxc8 Qxf4 25. Qxb7
exf5 26. Ng3 Nc5 27. Qe7 Qd4+ 28. Kh1 Rc8 29. Qe8+ {1-0 (29) Aslanov,U (2168)
-Fabris,A (2230) chess.com INT 2021}) 16. fxg5 b4 17. Na4 Qxe4 18. Nb6 Rb8 19.
Nxc8 Rxc8 20. Rde1 Qd4+ 21. Kh1 Nc7 22. Rd1 Qe5 23. Rxd6 Qxg3 24. hxg3 Kg8 25.
Rfd1 a5 26. Rd7 g6 27. R1d6 Nd5 28. Ra6 Ne3 29. Rxa5 Nxc2 30. Raa7 Rc6 31. Kg1
Ne3 32. Kf2 Ng4+ 33. Ke2 Rc5 34. Rd4 Rxg5 35. Rb7 h5 36. Rbxb4 Rf5 37. Rf4 Re5+
38. Kd2 Rd8+ 39. Rbd4 Rxd4+ 40. Rxd4 Ne3 41. Bc4 Nxg2 42. b4 g5 43. a4 f5 44.
a5 h4 45. a6 Re1 46. gxh4 gxh4 47. a7 Ra1 48. Rd8+ Kg7 49. a8=Q Rxa8 50. Rxa8
1-0

[Event "Floripa Chess Open 2024"]
[Site "Florianopolis"]
[Date "2024.01.24"]
[Round "6.66"]
[White "Da Cruz, Karoliny Taiane"]
[Black "Veloso, Henrique Barbosa"]
[Result "0-1"]
[WhiteElo "1774"]
[BlackElo "2029"]
[PlyCount "122"]
[EventDate "2024.01.20"]
[EventRounds "10"]
[EventCountry "BRA"]

1. e4 e5 2. Nf3 Nc6 3. Bb5 a6 4. Ba4 Nf6 5. O-O d6 6. d4 b5 7. Bb3 exd4 8. Bd5
Nxd5 9. exd5 Ne7 ({RR} 9... Ne5 10. Nxd4 Bd7 11. f4 Ng4 12. a4 Nf6 13. Nc6 Bxc6
14. dxc6 Be7 15. Re1 b4 16. Qe2 d5 17. c4 dxc4 18. Nd2 Nd5 19. Nxc4 O-O 20. Bd2
Bc5+ 21. Kh1 Re8 22. Qf3 Rxe1+ 23. Bxe1 Nf6 24. Rd1 {Braga,F (2438)-Bartel,M  
(2627) Rogaska Slatina 2011 0-1 (52)}) ({RR} 9... Ne5 10. Re1 Bg4 11. Nxe5 Bxd1
12. Nc6+ Kd7 13. Nxd8 Rxd8 14. Rxd1 Re8 15. Bf4 g6 16. c3 Bg7 17. h3 Re2 18.
Rd2 Re1+ 19. Kh2 dxc3 20. bxc3 Bxc3 21. Nxc3 Rxa1 22. Ne4 Re1 23. Nf6+ Kc8 24.
Be3 {Xiao,b-Dao,T Hohhot CHN 2023 1/2-1/2}) 10. Re1 $146 ({RR} 10. Qxd4 Bb7 11.
Re1 Qd7 12. a4 b4 13. a5 f6 14. c3 Kf7 15. c4 c5 16. dxc6 Bxc6 17. Nbd2 Nf5 18.
Qb6 d5 19. c5 Bb5 20. g4 Ne7 21. Qd6 Qxg4+ 22. Kh1 Ra7 23. Nd4 Rd7 24. Qe6+
Qxe6 {Janahi,Z (2191)-Abbasifar,H (2272) Dubai 2002 0-1 (33)}) 10... Bg4 11. h3
Bxf3 12. Qxf3 Qd7 13. Qe4 f5 14. Qxd4 Kf7 15. Nc3 Ng6 16. Bd2 Be7 17. a4 Bf6
18. Qb4 bxa4 19. Qxa4 Qxa4 20. Rxa4 Rhb8 21. b3 Ne7 22. Ra5 Bxc3 23. Bxc3 Rb5
24. Rea1 Rxd5 25. b4 Rxa5 26. Rxa5 c6 27. Bd2 d5 28. Kf1 Ke6 29. Ke2 Nc8 30.
Kd3 Nb6 31. Bf4 Nc4 32. Ra1 a5 33. bxa5 Rxa5 34. Rxa5 Nxa5 35. Kd4 Nb7 36. c3
c5+ 37. Kd3 Na5 38. h4 Kd7 39. Bg5 Kc6 40. Bf4 Nc4 41. Bg3 Nd6 42. Be5 g6 43.
f3 Nc4 44. Bg7 Kb5 45. Bf6 Ka4 46. Be7 Ne5+ 47. Ke3 Kb5 48. Bf6 Nd7 49. Bg7 Kc4
50. Bh8 Nf8 51. Bf6 Ne6 52. g3 d4+ 53. cxd4 cxd4+ 54. Kd2 Nc5 55. Be7 Nb3+ 56.
Kd1 Kc3 57. Bg5 Kd3 58. Bh6 Na5 59. Bg5 Nc4 60. Bf4 Ne3+ 61. Kc1 Ke2 0-1

[Event "Floripa Chess Open 2024"]
[Site "Florianopolis"]
[Date "2024.01.24"]
[Round "6.67"]
[White "Souza Dos Santos, Matheus Garcett"]
[Black "Menezes, Jose Eduardo Carnei"]
[Result "1-0"]
[WhiteElo "2024"]
[BlackElo "1813"]
[PlyCount "31"]
[EventDate "2024.01.20"]
[EventRounds "10"]
[EventCountry "BRA"]

1. e4 c5 2. Nf3 d6 3. d4 cxd4 4. Nxd4 Nf6 5. Nc3 a6 6. Nb3 e6 7. g4 h6 ({RR} 
7... b5 8. a3 Bb7 9. Qe2 Nc6 10. Bf4 Rc8 11. Bg2 Nd7 12. O-O-O Nce5 13. Kb1 Nc4
14. g5 e5 15. Bd2 Ndb6 16. Bh3 Rc7 17. Rhg1 Be7 18. Rg3 {1/2-1/2 (18) Paravyan,
D (2629)-Yilmaz,M (2607) Moscow RUS 2020}) 8. Be3 ({RR} 8. Bg2 Be7 9. Be3 Nc6
10. Qe2 Ne5 11. h3 Qc7 12. Nd2 Bd7 13. f4 Nc6 14. O-O-O Rc8 15. Kb1 b5 16. Nb3
O-O 17. g5 hxg5 18. fxg5 Nh5 19. Qxh5 Ne5 20. Nd4 Nc4 21. Bc1 Na3+ 22. bxa3
Qxc3 {Bodnaruk,A (2340)-Winkels,M (1901) chess.com INT 2024 1-0 (34)}) 8... Qc7
9. Bg2 Bd7 $146 ({RR} 9... Nbd7 10. h4 h5 11. g5 Ng4 12. Bd4 b5 13. f3 Nge5 14.
f4 Nc4 15. Qe2 b4 16. Nd5 exd5 17. exd5+ Be7 18. O-O Ndb6 19. Rae1 Bg4 20. Qf2
O-O 21. Na5 Bd8 22. Nc6 Nc8 23. b3 Na5 24. Nxd8 {Gazik,V (2542)-Dragnev,V  
(2565) Tornelo INT 2021 1/2-1/2}) ({RR} 9... Nbd7 10. f4 Rb8 11. Qe2 b5 12. Nd4
Bb7 13. a3 Nb6 14. g5 hxg5 15. fxg5 Nfd7 16. g6 Nf6 17. gxf7+ Kxf7 18. O-O-O
Nc4 19. Bd2 Qc5 20. Nf3 Bc8 21. Ng5+ Kg8 22. Bh3 Qe5 23. Rhg1 Nxd2 24. Qxd2 {
Souza Dos Santos,M (2041)-Gomes,L (2335) Florianópolis - Santa Catari 2023
1-0 (34)}) ({RR} 9... Nc6 10. f4 b5 11. Qe2 Bb7 12. O-O b4 13. Na4 Nd7 14. c4
Na5 15. Nb6 Nxb6 16. Nxa5 Rb8 17. Nxb7 Rxb7 18. e5 Rb8 19. f5 Nd7 20. fxe6 fxe6
21. exd6 Bxd6 22. Bd4 Bxh2+ 23. Kh1 Be5 24. Bxe5 {Sitnikov,A (2405)
-Garifullina,L (2304) Chelyabinsk RUS 2019 1-0 (44)}) 10. Qe2 Bc6 11. O-O-O
Nbd7 12. f4 Nc5 13. Nd5 Bxd5 14. exd5 Rc8 15. dxe6 fxe6 16. Nd4 1-0

[Event "Floripa Chess Open 2024"]
[Site "Florianopolis"]
[Date "2024.01.24"]
[Round "6.69"]
[White "Boabaid, Jorge Alberto Duard"]
[Black "Guerrero, Alvaro"]
[Result "1-0"]
[WhiteElo "1771"]
[BlackElo "1999"]
[PlyCount "166"]
[EventDate "2024.01.20"]
[EventRounds "10"]
[EventCountry "BRA"]

1. e4 c6 2. d4 d5 3. exd5 cxd5 4. Bd3 Nf6 5. h3 g6 6. Nf3 Bg7 7. O-O O-O 8. Re1
Bf5 9. Bf1 Nc6 10. c3 h6 $146 ({RR} 10... a6 11. Bf4 Ne4 12. Nbd2 b5 13. a3 Qb6
14. Nxe4 Bxe4 15. Nd2 Bf5 16. Qf3 Rad8 17. Nb3 Bc2 18. Nd2 f6 19. Rac1 Bf5 20.
Nb3 e5 21. Be3 e4 22. Qg3 Bc8 23. Nc5 Ne7 24. Bf4 Nf5 25. Bc7 {Streltsov,A  
(2313)-Rozen,E (2448) Arad ISR 2022 1/2-1/2 (83)}) 11. Bf4 g5 12. Bh2 e6 13. a4
a6 14. Na3 Ne4 15. Ne5 Rc8 16. f3 Nd6 17. Kh1 Bh7 18. Bd3 Nf5 19. Nc2 Nce7 20.
Ne3 Kh8 21. Nxf5 exf5 22. f4 f6 23. Nf3 g4 24. hxg4 fxg4 25. Nh4 f5 26. g3 Bf6
27. Ng2 h5 28. Qb3 Qd7 29. Re2 Rc6 30. Rae1 Rd6 31. Bg1 Ng6 32. Bf2 Bd8 33. Qb4
Rb6 34. Qa3 Rc6 35. Bc2 Rc7 36. a5 Be7 37. Qa2 Bg8 38. Ba4 Qd8 39. Kg1 Qd6 40.
Bb3 Rd7 41. Bc2 Bd8 42. Qb1 Qf6 43. Re8 Rxe8 44. Rxe8 Qf7 45. Re1 Ne7 46. Re5
Bh7 47. Nh4 Nc6 48. Re2 Bxh4 49. gxh4 Nxa5 50. Qe1 Nc6 51. Ba4 b5 52. Bb3 Bg8
53. Bc2 Re7 54. Rxe7 Nxe7 55. Qe5+ Kh7 56. Kg2 Qe6 57. b4 Kh6 58. Qh8+ Kg6 59.
Qe5 Kf7 60. Kf1 Bh7 61. Bd3 Qxe5 62. dxe5 Ke6 63. Ke2 Bg8 64. Ke3 Kd7 65. Kd4
Kc6 66. Bc2 Bf7 67. Bb3 Kb6 68. Kd3+ Kc7 69. Kd4 Kc6 70. Ba2 Ng6 71. Bg3 Nf8
72. Bf2 Bg8 73. Kd3 Ne6 74. Bg3 Nd8 75. Kd4 Nb7 76. Bb1 Be6 77. Ba2 a5 78. bxa5
Nxa5 79. Bh2 Nb7 80. Kd3 Bg8 81. Bb3 Nd8 82. Kd2 Ne6 83. Ke3 Nf8 1-0

[Event "Floripa Chess Open 2024"]
[Site "Florianopolis"]
[Date "2024.01.24"]
[Round "6.70"]
[White "De Oliveira, Yuri Garcia"]
[Black "Pavao, Fabio Biasi"]
[Result "1-0"]
[WhiteElo "1997"]
[BlackElo "1783"]
[PlyCount "43"]
[EventDate "2024.01.20"]
[EventRounds "10"]
[EventCountry "BRA"]

1. c4 Nf6 2. Nc3 g6 3. e4 d6 4. d4 Bg7 5. Be2 Nbd7 6. Nf3 O-O 7. O-O e5 8. Be3
Re8 9. d5 h6 10. Nd2 ({RR} 10. Qc2 g5 11. b4 Nf8 12. c5 Ng6 13. a4 Nf4 14. Rfc1
Ng4 15. Bd2 f5 16. Bxf4 exf4 17. Bb5 Rf8 18. Rab1 Bxc3 19. Qxc3 fxe4 20. Nd4
Qf6 21. c6 b6 22. Be2 Ne5 23. Ra1 f3 24. gxf3 exf3 {Volovich,J (1802)-Catabay,
M (1265) Southend ENG 2022 0-1 (33)}) 10... Nh7 11. b4 f5 12. f3 Ndf6 $146 ({RR
} 12... Bf8 13. Nb3 Ndf6 14. c5 Nh5 15. a4 Nf4 16. Bc4 Nf6 17. c6 b6 18. a5 Rb8
19. axb6 axb6 20. Ra7 h5 21. Nb5 Re7 22. Bxf4 exf4 23. e5 Ne8 24. e6 Bg7 25.
Rf2 Be5 26. Rfa2 Nf6 27. N3d4 {Van den Berg,J-Masic,L Wijk aan Zee 1971 0-1  
(40)}) ({RR} 12... f4 13. Bf2 Ndf6 14. c5 g5 15. cxd6 cxd6 16. Rc1 Kh8 17. Nb5
Rg8 18. Nc7 Bd7 19. Nxa8 Qxa8 20. Nc4 Bf8 21. a4 h5 22. Na5 Be7 23. Rc7 g4 24.
Bh4 Bd8 25. Rxb7 Bxa5 26. Rxd7 Bb6+ 27. Kh1 {Wasik,R (1724)-Luka,K (1856)
Rzeszow 2008 0-1 (42)}) 13. c5 Nh5 14. Rc1 Nf4 15. Kh1 g5 16. cxd6 cxd6 17. Nb5
Re7 18. Nc4 fxe4 19. fxe4 Qd7 20. Nbxd6 b5 21. Nxc8 Rxc8 22. Bg4 1-0

[Event "Floripa Chess Open 2024"]
[Site "Florianopolis"]
[Date "2024.01.24"]
[Round "6.72"]
[White "Colivet Gamboa, Julio Cesar"]
[Black "Silva Rosas, Natalia"]
[Result "1-0"]
[WhiteElo "1976"]
[BlackElo "1754"]
[PlyCount "47"]
[EventDate "2024.01.20"]
[EventRounds "10"]
[EventCountry "BRA"]

1. e4 Nf6 2. e5 Nd5 3. d4 b5 4. Nf3 Bb7 5. Bxb5 ({RR} 5. Nc3 a6 6. Nxd5 Bxd5 7.
Bd3 g6 8. c3 Bg7 9. a4 c5 10. axb5 c4 11. Be2 axb5 12. Rxa8 Bxa8 13. b3 Qa5 14.
bxc4 bxc4 15. Bd2 Bd5 16. O-O O-O 17. Qa1 Nc6 18. Qxa5 Nxa5 19. Bg5 f6 {
Araujo,R (2062)-Silva,N (1754) Florianopolis BRA 2024 1/2-1/2}) 5... c5 6. O-O
e6 7. Bg5 $146 ({RR} 7. c4 Nc7 8. Ba4 Bxf3 9. Qxf3 cxd4 10. Nd2 Be7 11. Nb3 O-O
12. Nxd4 d5 13. exd6 Bxd6 14. Rd1 Qe7 15. Be3 Rd8 16. Rac1 Bc5 17. a3 Nba6 18.
Nc6 Rxd1+ 19. Rxd1 Qh4 20. Bf4 Rc8 21. b4 Bf8 {Chigaev,M (2632)-Kochiev,I  
(2046) chess.com INT 2023 1-0}) 7... Be7 8. Bxe7 Qxe7 9. c3 cxd4 10. cxd4 Qb4
11. Qb3 Nc6 12. Qxb4 Ndxb4 13. Nc3 a6 14. Ba4 Nd3 15. Rab1 Nf4 16. Ne4 O-O 17.
Nc5 Rab8 18. Nxd7 Nxg2 19. Nxb8 Ne7 20. Kxg2 Rxb8 21. Rbc1 Nf5 22. Bc6 Bc8 23.
Be4 Nh6 24. Rc7 1-0

[Event "Floripa Chess Open 2024"]
[Site "Florianopolis"]
[Date "2024.01.24"]
[Round "6.73"]
[White "De Sousa, Alex Aecio"]
[Black "Andrade, Roberto Luiz Costa"]
[Result "0-1"]
[WhiteElo "1742"]
[BlackElo "1962"]
[PlyCount "56"]
[EventDate "2024.01.20"]
[EventRounds "10"]
[EventCountry "BRA"]

1. c4 c5 2. Nc3 e5 3. g3 Nc6 4. Bg2 g6 5. Nf3 Bg7 6. d3 Nge7 7. O-O O-O 8. a3
Rb8 9. Rb1 d5 10. cxd5 Nxd5 11. Nxd5 Qxd5 12. Be3 Qd6 13. Nd2 Nd4 $146 ({RR} 
13... b6 14. Ne4 Qc7 15. f4 Kh8 16. fxe5 Nxe5 17. Bf4 Bb7 18. b4 f5 19. Ng5
Bxg2 20. Kxg2 cxb4 21. axb4 Rbe8 22. e4 Qb7 23. Qb3 Nc6 24. Qd5 Rd8 25. Bd6 Qd7
26. Bxf8 Bxf8 27. Nf7+ Kg7 28. Nxd8 {Gretarsson,H (2477)-Alexakis,D (2462)
Zagreb CRO 2023 1-0 (37)}) 14. h3 Be6 15. Ne4 Qe7 16. Bg5 f6 17. Be3 Rfd8 18.
Kh2 c4 19. f4 cxd3 20. exd3 Bb3 21. Qd2 f5 22. Bxd4 Rxd4 23. Nf2 exf4 24. gxf4
Rxf4 25. Rbe1 Qd6 26. Kh1 Bd5 27. Ne4 Rxf1+ 28. Rxf1 Bxe4 0-1